000 00938nas a2200313 4500
001 BR0807359
003 BR-BrBNA
005 20231205112245.0
007 ta
008 230509b bl.|||p| |||| 00| 00por d
040 _aBR-BrBNA
_bpor
_cBiblioteca Nacional de Agricultura
041 _a(Pt)
072 _aQ04; L02
100 1 _aOliveira, N.T.E. de
100 1 _aFonseca, J.B.
100 1 _aSoares, R. da T.R.N.
100 1 _aFerreira, K.S.F.
100 1 _aThiébaut, J.T.L.
245 1 _aPigmentação de gemas de ovos de codornas japonesas alimentadas com rações contendo colorífico
650 _aCODORNA
650 _aOVO
650 _aGEMA
650 _aPIGMENTAÇÃO
650 _aRAÇÃO
650 _aANÁLISE QUÍMICA
773 0 _tCiência e Agrotecnologia (Brazil)
_xISSN 1413-7054
_g(Sep-Oct 2007), v. 31(5) p. 1525-1531
_wBR0807359
909 _a202311
_bLúcia
_c55
_dLúcia Elande
942 _2AGRIS
_n0
_cANA
999 _c197021
_d197021